Szczegóły MARC21

Transport i spedycja : materiały konferencyjne, Wisła 26-27 wrzesień 1996, Ustroń-Jaszowiec 1 7-18 grudzień 1996 /

005 -DATA I CZAS OSTATNIEJ MODYFIKACJI [,]
    • @
    • pole kontrolne
    • 20070315155141.9
020 -Międzynarod. znormalizowany nr książki - ISBN [ , ]
    • a
    • Numer ISBN
    • 8387265837 Find
040 -Instytucja sporządzająca opis [ , ]
    • a
    • Instytucja, która sporządziła opis (NP)
    • SZCZ U
    • c
    • Instytucja, która sporządziła rekord (NP)
    • SZCZ U
041 -Język dokumentu [0, ]
    • a
    • Język tekstu (P)
    • polski
    • h
    • Język tekstu oryginalnego i/lub pośredniego (P)
    • polski
942 -Rodzaj dokumentu [ , ]
    • c
    • Rodzaj dokumentu
    • Książka
245 -Strefa tytułu i oznaczenia odpowiedzialności [0, ]
    • a
    • Tytuł
    • Transport i spedycja : Find
    • b
    • Ciąg dalszy tytułu (NP)
    • materiały konferencyjne, Wisła 26-27 wrzesień 1996, Ustroń-Jaszowiec 1 7-18 grudzień 1996 / Find
    • c
    • Pozostałe elementy strefy tytułu i oznaczenia odpowiedzialności (NP)
    • Akademia Ekonomiczna im.K.Adamieckiego ; pod red. Stanisława Dziadka.
260 -Strefa adresu wydawniczego [ , ]
    • a
    • Miejsce wydania (P)
    • Katowice :
    • b
    • Nazwa wydawcy (P)
    • Wydaw.Uczeln.AE
    • c
    • Data wydania (P)
    • 1998.
300 -Strefa opisu fizycznego [ , ]
    • a
    • Określenie formy książki i/lub objętość (NP)
    • 253 s. :
    • b
    • Oznaczenie ilustracji (NP)
    • wykr.[1] k.tabl. :
    • c
    • Format (NP)
    • 25 cm.
080 -Uniwersalna Klasyfikacja Dziesiętna [ , ]
    • a
    • Symbol klasyfikacji
    • 656.01(061)
980 -Symbol UKD [ , ]
    • a
    • UKD
    • 656.01(061)
920 -ISBN [ , ]
    • a
    • ISBN
    • 83-87265-83-7 Find
Data inwentaryzacji Lokalizacja Numer inwentarzowy Status udost.
2000-05-31TT.2501-2